LEADER 02380nam0 22004813i 450 001 VAN0226358 005 20230605101018.763 017 70$2N$a9783030342340 100 $a20211014d2020 |0itac50 ba 101 $aeng 102 $aCH 105 $a|||| ||||| 200 1 $aDiscoveries at the Frontiers of Science$eFrom Nuclear Astrophysics to Relativistic Heavy Ion Collisions$fJohannes Kirsch ?$bet al.] editors 210 $aCham$cSpringer$d2020 215 $axii, 374 p.$cill.$d24 cm 410 1$1001VAN0133707$12001 $aFIAS Interdisciplinary Science Series$1210 $aBerlin$cSpringer 500 1$3VAN0226361$aDiscoveries at the Frontiers of Science : From Nuclear Astrophysics to Relativistic Heavy Ion Collisions$91982566 606 $a00B25$xProceedings of conferences of miscellaneous specific interest [MSC 2020]$3VANC020732$2MF 606 $a00A79 (77-XX)$xPhysics [MSC 2020]$3VANC023182$2MF 606 $a83-XX$xRelativity and gravitational theory [MSC 2020]$3VANC023243$2MF 606 $a85-XX$xAstronomy and Astrophysics [MSC 2020]$3VANC023246$2MF 606 $a81V35$xNuclear physics [MSC 2020]$3VANC023270$2MF 606 $a81Txx$xQuantum field theory; related classical field theories [MSC 2020]$3VANC027580$2MF 610 $aAccretion disk simulation$9KW:K 610 $aExotic nuclei$9KW:K 610 $aGeneric Geometrodynamics Theory$9KW:K 610 $aHeavy element research and history$9KW:K 610 $aHigh Energy Heavy Ion Collision$9KW:K 610 $aInterconnection of physical theories$9KW:K 610 $aQuark-Gluon Plasma$9KW:K 610 $aTheoretical astrophysics$9KW:K 610 $aTribute to Walter Greiner$9KW:K 620 $aCH$dCham$3VANL001889 702 1$aKirsch$bJohannes$3VANV190139 712 $aSpringer $3VANV108073$4650 801 $aIT$bSOL$c20240614$gRICA 856 4 $uhttp://doi.org/10.1007/978-3-030-34234-0$zE-book ? Accesso al full-text attraverso riconoscimento IP di Ateneo, proxy e/o Shibboleth 899 $aBIBLIOTECA DEL DIPARTIMENTO DI MATEMATICA E FISICA$1IT-CE0120$2VAN08 912 $fN 912 $aVAN0226358 950 $aBIBLIOTECA DEL DIPARTIMENTO DI MATEMATICA E FISICA$d08CONS e-book 4206 $e08eMF4206 20211014 996 $aDiscoveries at the Frontiers of Science$91982566 997 $aUNICAMPANIA LEADER 02015nam0 2200493 i 450 001 VAN0123469 005 20230703125341.619 017 70$2N$a9783319522500 100 $a20190920d2017 |0itac50 ba 101 $aeng 102 $aCH 105 $a|||| ||||| 200 1 $aDesign and Analysis of Experiments$fAngela Dean, Daniel Voss, Danel Dragulji? 205 $a2. ed 210 $aCham$cSpringer$d2017 215 $axxv, 840 p.$cill.$d24 cm 410 1$1001VAN0036791$12001 $aSpringer texts in statistics$1210 $aBerlin [etc.]$cSpringer 500 1$3VAN0235546$aDesign and Analysis of Experiments$91560532 606 $a62-XX$xStatistics [MSC 2020]$3VANC022998$2MF 606 $a62Kxx$xDesign of statistical experiments [MSC 2020]$3VANC023621$2MF 610 $aAnalysis of Experiments$9KW:K 610 $aAnalysis of covariance$9KW:K 610 $aBlocking factors$9KW:K 610 $aDesign of experiments$9KW:K 610 $aFactorial experiments$9KW:K 610 $aFitting models$9KW:K 610 $aInference for Contrasts$9KW:K 610 $aPlanning experiments$9KW:K 610 $aPolynomial regression$9KW:K 610 $aRandom effects$9KW:K 610 $aVariation$9KW:K 620 $aCH$dCham$3VANL001889 700 1$aDean$bAngela$3VANV094891$0495039 701 1$aDragulji?$bDanel$3VANV094893$0766807 701 1$aVoss$bDaniel$3VANV094892$0258245 712 $aSpringer $3VANV108073$4650 801 $aIT$bSOL$c20240614$gRICA 856 4 $uhttp://doi.org/10.1007/978-3-319-52250-0$zE-book ? Accesso al full-text attraverso riconoscimento IP di Ateneo, proxy e/o Shibboleth 899 $aBIBLIOTECA DEL DIPARTIMENTO DI MATEMATICA E FISICA$1IT-CE0120$2VAN08 912 $fN 912 $aVAN0123469 950 $aBIBLIOTECA DEL DIPARTIMENTO DI MATEMATICA E FISICA$d08CONS e-book 0618 $e08eMF618 20190920 996 $aDesign and Analysis of Experiments$91560532 997 $aUNICAMPANIA LEADER 01195nam0 22003253i 450 001 VAN0278743 005 20240627122432.27 017 70$2N$a9783031340932 100 $a20240627d2023 |0itac50 ba 101 $aeng 102 $aCH 105 $a|||| ||||| 200 1 $aBilinear Maps and Tensor Products in Operator Theory$fCarlos S. Kubrusly 210 $aCham$cSpringer$d2023 215 $axiv, 254 p.$cill.$d24 cm 410 1$1001VAN0024506$12001 $aUniversitext$1210 $aBerlin [etc]$cSpringer$d1930- 610 $aLinear transformations$9KW:K 610 $aLinear-bilinear approach$9KW:K 610 $aQuotient space$9KW:K 610 $aTensor products$9KW:K 610 $aUniversal mapping principle$9KW:K 620 $aCH$dCham$3VANL001889 700 1$aKubrusly$bCarlos S.$3VANV087849$0614473 712 $aSpringer $3VANV108073$4650 801 $aIT$bSOL$c20240628$gRICA 856 4 $uhttps://doi.org/10.1007/978-3-031-34093-2$zE-book ? Accesso al full-text attraverso riconoscimento IP di Ateneo, proxy e/o Shibboleth 912 $fN 912 $aVAN0278743 996 $aBilinear Maps and Tensor Products in Operator Theory$93601324 997 $aUNICAMPANIA